000 00222cam a22000857a 4500
008 180718b2013 xxu||||| |||| 00| 0 eng d
245 _aU.P. Consumer Forum Officers Association
_cSouvenir
260 _a
_b
_c2013
300 _a56p.
999 _c502694
_d502694